|
|
|
|
| LEADER |
00868nab a2200217 i 4500 |
| 001 |
publ36057 |
| 005 |
20250221095815.0 |
| 008 |
250221s2021 hu o 000 eng d |
| 022 |
|
|
|a 2353-883X
|
| 024 |
7 |
|
|a 10.15678/EBER.2021.090402
|2 doi
|
| 024 |
7 |
|
|a 32505568
|2 mtmt
|
| 040 |
|
|
|a SZTE Publicatio Repozitórium
|b hun
|
| 041 |
|
|
|a eng
|
| 100 |
1 |
|
|a Pelle Anita
|
| 245 |
1 |
0 |
|a Covid-19 and transformational megatrends in the European automotive industry
|h [elektronikus dokumentum] :
|b Evidence from business decisions with a Central and Eastern European focus /
|c Pelle Anita
|
| 260 |
|
|
|c 2021
|
| 300 |
|
|
|a 19-33
|
| 490 |
0 |
|
|a ENTREPRENEURIAL BUSINESS AND ECONOMICS REVIEW
|v 9 No. 4
|
| 650 |
|
4 |
|a Közgazdasági és gazdálkodástudományok
|
| 700 |
0 |
1 |
|a Tabajdi Gabriella
|e aut
|
| 856 |
4 |
0 |
|u http://publicatio.bibl.u-szeged.hu/36057/1/EBER2021Pelle-Tabajdi.pdf
|z Dokumentum-elérés
|